Marketing channels / (Record no. 18633)

MARC details
000 -LEADER
fixed length control field 00806nam a2200241 a 4500
005 - DATE AND TIME OF LATEST TRANSACTION
control field 19900403133224.3
008 - FIXED-LENGTH DATA ELEMENTS--GENERAL INFORMATION
fixed length control field 851206s1986 flua b 001 0 eng
010 ## - LCCN (DPL NO)
LC control number ENG-91638
020 ## - INTERNATIONAL STANDARD BOOK NUMBER
International Standard Book Number 9788120336339
Terms of availability 325.00
035 ## - SYSTEM CONTROL NUMBER
System control number EN-75171
037 ## - SOURCE OF ACQUISITION
Source of stock number/acquisition DBAD / PUB
040 ## - CATALOGING SOURCE
Original cataloging agency dpl
Language of cataloging English
082 ## - DEWEY DECIMAL CLASSIFICATION NUMBER
Classification number 658.87
245 ## - TITLE STATEMENT
Title Marketing channels /
Statement of responsibility, etc by Anne T. Coughlan...[et al]
250 ## - EDITION STATEMENT
Edition statement 7th ed
260 ## - PUBLICATION, DISTRIBUTION, ETC. (IMPRINT)
Place of publication, distribution, etc New Delhi
Name of publisher, distributor, etc PHI Learning
Date of publication, distribution, etc 2008
300 ## - PHYSICAL DESCRIPTION
Extent xxii, 602p.
Dimensions 24 cm. (pbk)
500 ## - GENERAL NOTE
General note Includes index
504 ## - BIBLIOGRAPHY, ETC. NOTE
Bibliography, etc
650 ## - SUBJECT ADDED ENTRY--TOPICAL TERM
Topical term or geographic name as entry element Marketing channels
942 ## - ADDED ENTRY ELEMENTS (KOHA)
Source of classification or shelving scheme Dewey Decimal Classification
Item type English Books
Call number suffix MAR
Classification part 658.87
Holdings
Withdrawn status Lost status Source of classification or shelving scheme Damaged status Not for loan Collection code Home library Current library Date acquired Source of acquisition Cost, normal purchase price Total Checkouts Full call number Barcode Date last seen Copy number Cost, replacement price Koha item type
    Dewey Decimal Classification   Not For Loan Non-fiction D.B.Act.Division D.B.Act.Division 18/11/2008 DBAD / PUB 325.00   658.87 MAR EN-75171 18/11/2008 1 325.00 English Books

© Delhi Public Library
Hit Counter
free hit counter